00345pab a2200121 454500008004000000100001700040245006200057260000900119300001400128362001200142650001900154773005000173180718b2005 xxu||||| |||| 00| 0 eng d aKarnik, Ajit aState finances: continuous deterioration, bleak prospects c2005 ap.403-27. aJul-Sep aPublic finance aJournal of Indian School of Political Economy